| 000 | 00825cam a2200289 i 4500 | ||
|---|---|---|---|
| 001 | 545642 | ||
| 003 | YEEZEN | ||
| 005 | 20250724154333.0 | ||
| 008 | 241101s2024 ch a g 000 0 chi d | ||
| 020 |
_a9789861366968 _q(平裝) : _cNT$400 |
||
| 040 |
_aNAER _bchi _cTAE _eCCR |
||
| 042 | _anbic | ||
| 084 | _a176.5 | ||
| 090 | _a176.5 | ||
| 100 | 1 |
_a蔡康永, _e著 |
|
| 245 | 1 | 0 |
_a你願意, 人生就會值得 : _b蔡康永的情商課 . _n3 / _c蔡康永著 |
| 246 | 3 | _a你願意人生就會值得 | |
| 246 | 3 | 0 |
_a蔡康永的情商課 . _n3. |
| 250 | _a初版 | ||
| 260 |
_a臺北市 : _b如何, _c2024.08 |
||
| 300 |
_a282面 : _b圖 ; _c21公分 |
||
| 490 | 1 |
_aHappy Learning ; _v213. |
|
| 650 | 7 |
_a情緒商數 _2lcstt. |
|
| 650 | 7 |
_a情緒管理 _2lcstt. |
|
| 830 | 0 |
_aHappy Learning ; _v213. |
|
| 942 |
_2ccl _cBOOK |
||
| 999 |
_c7666 _d7666 |
||